000 00453nam a2200157Ia 4500
005 20250508154944.0
008 008 250505s9999 xx 000 0 eng d
037 _aBooks to be hide in OPAC
040 _aFEDL
_beng
_cFEDL
041 _aeng
_2eng
084 _a519.54, SEQ/O
_qFEDL
245 0 _aSequential analysis of statistical data: Applications
546 _aWeeded out
942 _cHB
_h519.54, SEQ/O
999 _c1353115
_d1353115